[Event "GRE-ch U16"]
[Site "Rio Achaia"]
[Date "2012.06.28"]
[Round "6.6"]
[White "Palaskos, Marios"]
[Black "Papadopoulos, Panayotis"]
[Result "1/2-1/2"]
[WhiteElo "1697"]
[BlackElo "2015"]
[PlyCount "85"]
[EventDate "2012.06.24"]
[EventType "swiss"]
[EventRounds "6"]
[EventCountry "GRE"]
[SourceTitle "EXT 2024"]
[Source "ChessBase"]
[SourceDate "2023.10.10"]
[SourceVersion "1"]
[SourceVersionDate "2023.10.10"]
[SourceQuality "1"]

1. d4 Nf6 2. Nf3 e6 3. c4 c5 4. d5 b5 5. cxb5 exd5 6. e3 Bb7 7. Be2 Be7 8. 0-0 d6 9. b3 Ne4 10. Bb2 Bf6 11. Qc2 Nd7 12. Nc3 h5 13. Rfd1 Nxc3 14. Bxc3 Rh6 15. b4 g5 16. bxc5 dxc5 17. Qb2 Bxc3 18. Qxc3 g4 19. Nd2 Qg5 20. e4 d4 21. Qg3 Qe5 22. Qh4 Qf4 23. Qg3 Qxg3 24. hxg3 Ne5 25. Nc4 Nxc4 26. Bxc4 h4 27. gxh4 Rxh4 28. f3 gxf3 29. gxf3 Ke7 30. Kf2 Rh2+ 31. Kg3 Rah8 32. Rg1 R8h3+ 33. Kf4 Rf2 34. Rg3 Rxg3 35. Kxg3 Rc2 36. Bb3 Rc3 37. Kf4 c4 38. Bd1 Ke6 39. a4 Re3 40. Rc1 Re1 41. Rxc4 Rxd1 42. Rc7 d3 43. Rc4 1/2-1/2

[Event "GRE-chT Div-A 38th"]
[Site "Peristeri"]
[Date "2010.07.08"]
[Round "4"]
[White "Michelakos, Panagiotis"]
[Black "Palaskos, Marios"]
[Result "1-0"]
[WhiteElo "1996"]
[BlackElo "1576"]
[PlyCount "59"]
[EventDate "2010.07.05"]
[EventType "team-swiss"]
[EventRounds "7"]
[EventCountry "GRE"]
[SourceTitle "CBM 137 Extra"]
[Source "ChessBase"]
[SourceDate "2010.09.01"]
[SourceVersion "1"]
[SourceVersionDate "2010.09.01"]
[SourceQuality "1"]

1. e4 d5 2. exd5 Qxd5 3. Nc3 Qd6 4. d4 Nf6 5. Nf3 a6 6. g3 Bg4 7. Bg2 Nc6 8. 0-0 0-0-0 9. d5 Nb4 10. Bf4 Qc5 11. Be3 Qd6 12. Qe2 Nbxd5 13. Nxd5 Nxd5 14. Rfd1 Qf6 15. c4 Nxe3 16. Rxd8+ Kxd8 17. Qxe3 Qb6 18. c5 Qe6 19. Qd3+ Kc8 20. Rd1 Qd7 21. Qb3 Qe6 22. Qa4 c6 23. Qa5 Qd5 24. Rxd5 cxd5 25. Ne5 Be6 26. c6 bxc6 27. Qxa6+ Kb8 28. Nxc6+ Kc7 29. Na5 Bc8 30. Qc6+ 1-0